000 00595nam a2200217 i 4500
001 C2-0296220
003 PPAK
005 20180728074607.0
008 090415s1987 my |||| ||||| | eng d
040 _aPPAK
_beng
_cPPAK
_erda
082 0 4 _a340.09595
_223
090 0 0 _a340.09595
_bAHM
_dKIH
100 1 _aIbrahim, Ahmad,
_eauthor
245 1 4 _aThe Malaysia legal system
264 1 _aKuala Lumpur :
_bDewan Bahasa dan Pustaka ,
_c1987
300 _a377 pages ;
_c22 cm
336 _2rdacontent
_atext
337 _2rdamedia
_aunmediated
338 _2rdacarrier
_avolume
942 _ddc
_cB
999 _c100686
_d100686